La guerra de Independencia /

I tiakina i:
Ngā taipitopito rārangi puna kōrero
Kaituhi matua: Olveda, Jaime (autor)
Hōputu: Pukapuka
Reo:Pāniora
I whakaputaina: Guadalajara?, México : editorial no identificada, ca. 2010
Ngā Tūtohu: Tāpirihia he Tūtohu
Kāore He Tūtohu, Me noho koe te mea tuatahi ki te tūtohu i tēnei pūkete!

MARC

LEADER 00000nam^a2200000^a^4500
001 000618515
005 20260220000000.0
009 20260310133801.298
037 |a Acervo ITESO - Biblioteca 
041 |a ESP 
091 |a FOB. 00390 
100 |a Olveda, Jaime  |e (autor) 
245 1 3 |a La guerra de Independencia / 
264 1 |a Guadalajara?, México :  |b editorial no identificada,  |c ca. 2010 
300 |a 2 v. (25, 38 p.) 
336 |a texto  |b txt  |2 rdacontenido 
337 |a sin mediación  |b n  |2 rdamedio 
338 |a volumen  |b nc  |2 rdasoporte 
649 |a XX 
910 |a Fondo Carlos de Obeso Orendain 
920 |a Impresos - Libros 
930 |a Fondos Especiales 
905 |a 147 
901 |a 618515-10  |b IT2  |c ESP  |i D  |u 20250814 
901 |a 618515-20  |b IT2  |c ESP  |i D  |u 20250814 
902 |a https://opac.biblio.iteso.mx/vufind/Record/000618515